Most Common Words in the Episode Titles of Friends - Statistics

General Stats
  • This quiz has been taken 2,055 times
  • The average score is 11 of 18
Answer Stats
# Word % Correct
355 The
98%
239 One
91%
16 Joey
82%
28 Rachel
82%
24 Ross
82%
8 A
81%
11 Chandler
81%
8 Monica
81%
10 Phoebe
80%
167 With
79%
53 Where
64%
9 In
41%
11 And
38%
12 All
28%
9 Wedding
27%
6 Dies
10%
5 Sister
10%
7 After
9%
No matching quizzes found
Score Distribution
Percent of People with Each Score
Percentile by Number Answered
Your Score History
You have not taken this quiz